Tales of the jungle

Bibliographic Details
Main Author: Jean Adnan
Format: Book
Published: Petaling Jaya : Longman , 1993
Series:Hibiscus series
Subjects:

MARC

LEADER 00000cam a2200000 7i4500
001 0000001572
002 000001718
005 20000330.0
020 |a 9837401168 
090 0 0 |a JF   |b JEA 
100 0 |a Jean Adnan 
245 1 0 |a Tales of the jungle   |c Jean Adnan 
260 |a Petaling Jaya :   |b Longman ,   |c 1993 
300 |a 53p. :   |b ill. ;   |c 24cm. 
490 0 |a Hibiscus series 
650 0 0 |a Children's stories 
999 |a 034218   |b BUKU   |c PINJAMAN   |e PERPUSTAKAAN KOMUNITI PETALING JAYA